Регионална библиотека "Любен Каравелов" - Русе

Кабала (Запис номер 162613)

MARC детайли
000 -Лидер
Контролно поле с фиксирана дължина 01816nam a2200349 c 4500
003 - Код на организацията, давaща контролен номер
Контролно поле BLK
005 - Дата и час на последна редакция
Контролно поле 20190708103830.0
008 - Елементи от данни с фиксирана дължина
fixed length control field 180410b bul|||||r ||||||| ||bul||
010 ## - Наследен системен номер
LC control number KNG00169992000
020 ## - Международен стандартен номер на книга ISBN
Международен стандартен номер на книга ISBN 978-954-655-402-4
-- издат.: Бард - на том (т. 1)
040 ## - Източник на каталожния запис
Идентификатор на билиотеката - собственик на записа BLK
041 ## - Код за език
Код за езика на текст/звукозапис или на отделно заглавие Български
Код за езика КДБФ Български
072 #7 - Код за тематичната категория
Код организация bullib
Код за тематична категория Н10
Текст Философия Н
080 ## - УДК
Текстов определител УДК Философски мистицизъм. Ранни езотерични школи. Кабала. Теософия. Антропософия. Суфизъм. Еклектизъм. Синкретизъм. Херметизъм. Розенкройцерство. Др. школи
УДК код - определител по УДК 141.33
УДК определител
УДК - код + определител 141.33
100 1# - Редна дума - Автор
Автор Лайтман, Михаел Семьонович
Авторска отговорност първи автор
R(LIN) 372196
139 ## - Редно поле
Редна дума Лайтман, Михаел Семьонович
Авторски знак Лаи - Л 15
245 10 - Сведения за заглавието
Заглавие Кабала
Подзаглавни данни За начинаещи : Т. 1 -
Редно поле (дума) Михаел Семьонович Лайтман.
Том Т. 1
257 ## - Страна на издаване
Страна на създаване/издаване Русия
260 ## - Област на издателските данни
-- София
Година на издаване 2013 -
Печатница Хасково : Полиграфюг
300 ## - Физическа характеристика
Размери/Мащаб 21 см
380 ## - Жанр
Жанр Философия
500 ## - Общи забележки
Забележка Ориг. загл.: Каббала для начинающих / Михаэль Лайтман. - Изд. на Междунар. акад. по кабала
650 #4 - Допълнително описание по предмет – тема
Основно описание – тема или топоним Кабала
9 (RLIN) 158062
653 ## - Ключова дума – ненормативна
Ключова дума кабала
659 ## - Тематичен бюлетин
Тематичен бюлетин Н
760 1# - Описание на основната серия
-- - на том (т. 1)
Редна дума на основното описание Лайтман, Михаел Семьонович
Място на издаване, издател и година Бард, 2013
Страници - том 592 с. : с ил., сх.
Забележка - том Терминологичен речник ; Списък на съкращенията. - Библиогр.: с. 557-563
Заглавие Т. 1
852 ## - Местоположение
Форматна сигнатура Цб 272364
856 4# - Електронен адрес и достъп
Електронен формат pdf - файл
Път до файла /url/
856 4# - Електронен адрес и достъп
Електронен формат pdf - файл
Път до файла /url/
942 ## - АРТИКУЛИ
Вид на библиотечния материал Книги
Скрит в OPAC Не
Koha issues (borrowed), all copies 1
944 ## - СЪЗДАВАНЕ И РЕДАКЦИЯ на ЗАПИСА
Създаване/Редакция Създаване
Дата на регистрацията/редакция 23.01.2015
Служител, извършил регистрацията/редакцията Виолета_Тройчева
944 ## - СЪЗДАВАНЕ И РЕДАКЦИЯ на ЗАПИСА
Създаване/Редакция Редакция
Дата на регистрацията/редакция 16.06.2015
Служител, извършил регистрацията/редакцията Наталия_Медовщикова
999 ## - СИСТЕМНИ КОНТРОЛНИ НОМЕРА
Koha biblionumber 162613
Koha biblioitemnumber 162613
Наличности
Код за отписване Код за изгубен артикул Код за повреда Коз за рестрикции Код за отдаване Артикулен № Име на библиотеката - собственик Име на библиотеката, в която се намира в момента Статус (Текущо местоположение) Дата на вписване в системата Местоположение - отдел Цена в лева Инвентарен номер Систематично азбучна сигнатура Баркод Номер на екземпляра Цена в евро Служебна бележка Служебен тип на артикула
  Не е изгубен Не е повреден без рестрикции ползва се в читалня 271493 Регионална библиотека "Любен Каравелов" Русе Регионална библиотека "Любен Каравелов" Русе Хранилище 2015-01-26 Хранилище 17.99 120000784596 Цб 272364 120000784596 1 9.20 Дост: Dp Вид: Д N: 20 Дата: 17.04.2014 Книги
Vip Innovations Ltd, Rousse, Bulgaria 2025